Joinville-le-Pont - Transports en commun - Statistiques

Statistiques générales
  • Ce quiz a été pris 17 fois
  • Le résultat moyen est 10 sur 22
Réponses sur la Carte
Les réponses sont colorées sur une échelle allant du rouge au vert en fonction du pourcentage des utilisateurs qui les ont devinées à leur premier essai. Vous pouvez retrouver ces pourcentages ci-dessous.
 
Statistiques - réponses
Transport Réponse % Correct
RER Joinville-le-Pont RER
100%
Bus Joinville-le-Pont RER
100%
Ferry Joinville-RER
100%
Bus Carrefour de la résistance
69%
Bus Verdun
62%
Bus Eugène Voisin-Marché
46%
Bus Les Platanes
46%
Bus Polangis
46%
Ferry Polangis-Joinville
46%
Bus 42e de Ligne
38%
Bus Charles Floquet-Diderot
38%
Bus Mozart
38%
Ferry Chez Gégène
31%
Bus Dagoty
31%
Bus Jean Jaurès-Chapsal
31%
Ferry Port de Joinville
31%
Bus République
31%
Bus Frères Lumière
23%
Bus Jougla
23%
Bus Maurice Berteaux
23%
Bus Voisin-République
23%
Bus John Fitzgerald Kennedy
15%
Aucun quiz correspondant
Distribution des résultats
% des personnes avec chaque résultat
Percentile par nombre de réponses
Votre historique - résultats
Vous n’avez pas pris ce quiz